Statistics for The Members of the U.S. Cabinet

Click here to take the quiz!

General Stats

  • This quiz has been taken 10 times
  • The average score is 12 of 16

Answer Stats

PositionName% Correct
Secretary of StateAntony Blinken
100%
Vice PreisdentKamala Harris
100%
Secretary of the TreasuryDr. Janet Yellen
90%
Attorney GeneralMerrick Garland
90%
Secretary of TransportationPete Buttigieg
90%
Secretary of the InteriorDeb Haaland
80%
Secretary of DefenseLloyd Austin
80%
Secretary of Health & Human ServicesXavier Becerra
80%
Secretary of Homeland SecurityAlejandro Mayorkas
70%
Secretary of CommerceGina Raimondo
70%
Secretary of Housing and Urban DevelopmentMarcia Fudge
70%
Secretary of LaborMarty Walsh
70%
Secretary of AgricultureTom Vilsack
70%
Secretary of Veterans AffairsDenis McDonough
60%
Secretary of EducationDr. Miguel Cardona
60%
Secretary of EnergyJennifer Granholm
60%

Score Distribution

Percentile by Number Answered

Percent of People with Each Score

Your Score History

You have not taken this quiz